Statistics for Most Assists in Europe's Top 5 Leagues in 2021/22

Click here to take the quiz!

General Stats

  • This quiz has been taken 56 times
    (24 since last reset)
  • The average score is 17 of 31

Answer Stats

#AssistsClubAnswer% Correct
217Paris Saint-GermainKylian Mbappé
95%
314Paris Saint-GermainLionel Messi
95%
118Bayern MunichThomas Müller
95%
513LiverpoolMohamed Salah
90%
812Real MadridKarim Benzema
85%
314SassuoloDomenico Berardi
80%
1910Real MadridVinícius Júnior
80%
1511Bayern MunichJoshua Kimmich
75%
812Borussia DortmundMarco Reus
75%
812LiverpoolTrent Alexander-Arnold
75%
513RB LeipzigChristopher Nkunku
70%
1910Olympique MarseilleDmitri Payet
65%
1910Bayer LeverkusenFlorian Wirtz
65%
812Inter MilanNicolò Barella
65%
513BarcelonaOusmane Dembélé
65%
1511LazioSergej Milinković-Savić
65%
1910LiverpoolAndrew Robertson
55%
1910VillarrealDani Parejo
45%
1910Athletic BilbaoIker Muniain
45%
1910ChelseaMason Mount
45%
812Bayer LeverkusenMoussa Diaby
45%
1910West Ham UnitedJarrod Bowen
40%
1511RC LensJonathan Clauss
35%
812Inter MilanHakan Çalhanoğlu
30%
1910BarcelonaJordi Alba
30%
1910Leicester CityHarvey Barnes
25%
1910LazioLuis Alberto
25%
1511HoffenheimDavid Raum
10%
1910SampdoriaAntonio Candreva
5%
812RennesBenjamin Bourigeaud
5%
1910RennesHamari Traoré
0%

Score Distribution

Percentile by Number Answered

Percent of People with Each Score

Your Score History

You have not taken this quiz since the last reset